Quiz o Youtube - Statystyki

Ogólne statystyki
  • Ten quiz został rozwiązany 327 razy
  • Średni wynik to 5 z 9
Statystyki odpowiedzi
Pytnie Odpowiedź % Poprawnych
Youtube'r który ma różowe włosy i ma ponad 3 mln subskrybcji Friz
94%
Ile kanałów ma poszukiwacz 2
80%
Ilu jst członków ekipy Friza 10
76%
Z kim walczył na subskrybcje pewdiepie Tseries
52%
Jak się nazywa najpopularniejszy kanał na całym YouTube Tseries
46%
Najpopularniejsza polska wytwórnia muzyczna na YouTube StepRecords
41%
Jak ma na imię najpopularniejszy polski Youtube'r Karol Gązwa
39%
Jak nazywa sie YouTube'r który prowadzi overwach i LNB Tomasz andrzej działowy
37%
Youtube'r który nagrywa quizy utworzone przez swoich widzów Kolega stratergacy
0%
Nie znaleziono quizów pasujących do podanych kryteriów
Rozkład punktacji
Procent ludzi z każdym wynikiem
Percentyl według liczby udzielonych odpowiedzi
Twoja historia wyników
Nie rozwiązałeś tego quizu